Sports Quiz

Random Sports or Golf Quiz

Golf major winners 1990-2010 Quiz Stats

 Plays Quiz not verified by Sporcle

Score 0/84 Timer 07:00
0 Plays Today
Major Golfer % Correct
Masters 2001Tiger Woods
99.7%
Masters 2002Tiger Woods
99.7%
Masters 2005Tiger Woods
99.7%
US Open 2000Tiger Woods
99.7%
US Open 2002Tiger Woods
99.7%
US Open 2008Tiger Woods
99.7%
British Open 2000Tiger Woods
99.7%
British Open 2005Tiger Woods
99.7%
British Open 2006Tiger Woods
99.7%
US PGA 1999Tiger Woods
99.7%
US PGA 2000Tiger Woods
99.7%
Masters 1997Tiger Woods
99.7%
US PGA 2006Tiger Woods
99.7%
US PGA 2007Tiger Woods
99.7%
Masters 2004Phil Mickelson
94.6%
Masters 2006Phil Mickelson
94.6%
Masters 2010Phil Mickelson
94.6%
US PGA 2005Phil Mickelson
94.6%
British Open 2002Ernie Els
86.7%
US Open 1997Ernie Els
86.7%
US Open 1994Ernie Els
86.7%
Masters 1996Nick Faldo
85.8%
Masters 1990Nick Faldo
85.8%
British Open 1992Nick Faldo
85.8%
British Open 1990Nick Faldo
85.8%
Masters 2000Vijay Singh
84.3%
US PGA 1998Vijay Singh
84.3%
US PGA 2004Vijay Singh
84.3%
Major Golfer % Correct
British Open 2007Padraig Harrington
79.4%
British Open 2008Padraig Harrington
79.4%
US PGA 2008Padraig Harrington
79.4%
Masters 2007Zach Johnson
77%
Masters 2009Angel Cabrera
75.2%
US Open 2007Angel Cabrera
75.2%
British Open 1993Greg Norman
74.2%
Masters 1992Fred Couples
70.7%
Masters 1999Jose-Maria Olazabal
70.6%
Masters 1994Jose-Maria Olazabal
70.6%
Masters 2003Mike Weir
70.1%
US PGA 1991John Daly
69.6%
British Open 1995John Daly
69.6%
Masters 1998Mark O'Meara
68.7%
British Open 1998Mark O'Meara
68.7%
US Open 2001Retief Goosen
67.2%
US Open 2004Retief Goosen
67.2%
British Open 2001David Duval
67%
British Open 2009Stewart Cink
66.5%
Masters 2008Trevor Immelman
65.9%
US Open 2010Graeme McDowell
65.1%
US Open 1999Payne Stewart
63.8%
US Open 1991Payne Stewart
63.8%
Masters 1991Ian Woosnam
63.7%
US Open 2003Jim Furyk
63.4%
Masters 1993Bernhard Langer
63.1%
British Open 2003Ben Curtis
62.8%
US PGA 1992Nick Price
60.3%
Major Golfer % Correct
US PGA 1994Nick Price
60.3%
British Open 1994Nick Price
60.3%
US PGA 2010Martin Kaymer
59.2%
British Open 2004Todd Hamilton
58.4%
British Open 1999Paul Lawrie
58.2%
British Open 1997Justin Leonard
57.3%
US PGA 2009Yong-eun Yang
57.1%
Masters 1995Ben Crenshaw
55.2%
US Open 2005Michael Campbell
54.9%
US Open 2006Geoff Ogilvy
52.8%
British Open 1996Tom Lehman
52.2%
US Open 2009Lucas Glover
51.3%
British Open 2010Louis Oosthuizen
50.7%
US PGA 2002Rich Beem
49.9%
US Open 1995Corey Pavin
49.6%
US Open 1992Tom Kite
47.7%
US PGA 2003Shaun Micheel
46.9%
US PGA 1997Davis Love 3
45.6%
US PGA 2001David Toms
45.5%
US Open 1998Lee Janzen
44.5%
US Open 1993Lee Janzen
44.5%
British Open 1991Ian Baker-Finch
44.2%
US Open 1996Stevie Jones
43.9%
US PGA 1993Paul Azinger
42.1%
US Open 1990Hale Irwin
37.5%
US PGA 1995Steve Elkington
34.7%
US PGA 1996Mark Brooks
27.1%
US PGA 1990Wayne Grady
26.5%

You're not logged in!

Compare scores with friends on all Sporcle quizzes.
OR
Log In

Show Comments

Extras

Created Oct 28, 2010SourceReportNominate
Tags:Golf Quiz, 2000s, major, winner

Top Quizzes Today


Score Distribution

Your Account Isn't Verified!

In order to create a playlist on Sporcle, you need to verify the email address you used during registration. Go to your Sporcle Settings to finish the process.

Report this User

Report this user for behavior that violates our Community Guidelines.

Details: